ბათუმის შოთა რუსთაველის სახელმწიფო უნივერსიტეტის ბიბლიოთეკა

ახალი ლექსები (ბიბ.ჩანაწერი № 42907)

000 -LEADER
fixed length control field 00571nam a2200205Ia 4500
001 - CONTROL NUMBER
control field 9623
003 - CONTROL NUMBER IDENTIFIER
control field GE_BSU
008 - FIXED-LENGTH DATA ELEMENTS--GENERAL INFORMATION
fixed length control field 181216s||||||||xx |||||||||||||| ||und||
040 ## - CATALOGING SOURCE
Transcribing agency GE_BSU
080 ## - UNIVERSAL DECIMAL CLASSIFICATION NUMBER
Universal Decimal Classification number 821.353.1-1
100 ## - MAIN ENTRY--PERSONAL NAME
Personal name მაშაშვილი, ალიო
245 ## - TITLE STATEMENT
Title ახალი ლექსები
245 ## - TITLE STATEMENT
Statement of responsibility, etc. რედ:რ.გვეტაძე
260 ## - PUBLICATION, DISTRIBUTION, ETC.
Place of publication, distribution, etc. თბილისი.
260 ## - PUBLICATION, DISTRIBUTION, ETC.
Name of publisher, distributor, etc. ფედერაცია
260 ## - PUBLICATION, DISTRIBUTION, ETC.
Date of publication, distribution, etc. 1942
300 ## - PHYSICAL DESCRIPTION
Extent 31გვ;14სმ.
653 ## - INDEX TERM--UNCONTROLLED
Uncontrolled term ახალი ლექსები
942 ## - ADDED ENTRY ELEMENTS (KOHA)
Koha item type წიგნი
ეგზემპლარები
Withdrawn status Lost status Damaged status Not for loan Date acquired Barcode Date last seen Price effective from Koha item type
        2018-12-17 32565 2018-12-17 2018-12-17 წიგნი
        2018-12-17 32566 2018-12-17 2018-12-17 წიგნი
        2018-12-17 32567 2018-12-17 2018-12-17 წიგნი
        2018-12-17 32568 2018-12-17 2018-12-17 წიგნი
        2018-12-17 32569 2018-12-17 2018-12-17 წიგნი
        2018-12-17 32570 2018-12-17 2018-12-17 წიგნი
        2018-12-17 32571 2018-12-17 2018-12-17 წიგნი
        2018-12-17 32572 2018-12-17 2018-12-17 წიგნი